| 000 -LEADER |
| fixed length control field |
03735cam a22004094a 4500 |
| 001 - CONTROL NUMBER |
| control field |
16297300 |
| 003 - CONTROL NUMBER IDENTIFIER |
| control field |
NUST |
| 005 - DATE AND TIME OF LATEST TRANSACTION |
| control field |
20180629074403.0 |
| 008 - FIXED-LENGTH DATA ELEMENTS--GENERAL INFORMATION |
| fixed length control field |
100622s2011 njua b 001 0 eng |
| 010 ## - LIBRARY OF CONGRESS CONTROL NUMBER |
| LC control number |
2010026662 |
| 020 ## - INTERNATIONAL STANDARD BOOK NUMBER |
| International Standard Book Number |
9780470587607 (pbk. : alk. paper) |
| 020 ## - INTERNATIONAL STANDARD BOOK NUMBER |
| International Standard Book Number |
9780470920589 (ePDF) |
| 020 ## - INTERNATIONAL STANDARD BOOK NUMBER |
| International Standard Book Number |
9780470920596 (eMobi) |
| 020 ## - INTERNATIONAL STANDARD BOOK NUMBER |
| International Standard Book Number |
9780470920602 (ePub) |
| 038 ## - RECORD CONTENT LICENSOR |
| Staff Name |
azhar |
| 040 ## - CATALOGING SOURCE |
| Original cataloging agency |
DLC |
| Transcribing agency |
DLC |
| Modifying agency |
DLC |
| 042 ## - AUTHENTICATION CODE |
| Authentication code |
pcc |
| 043 ## - GEOGRAPHIC AREA CODE |
| Geographic area code |
n-us--- |
| 050 00 - LIBRARY OF CONGRESS CALL NUMBER |
| Classification number |
LC4704 |
| Item number |
.F575 2011 |
| 082 00 - DEWEY DECIMAL CLASSIFICATION NUMBER |
| Classification number |
371.9/043 |
| Edition number |
22 |
| 100 1# - MAIN ENTRY--PERSONAL NAME |
| Personal name |
Flanagan, Dawn P. |
| 9 (RLIN) |
11328 |
| 245 10 - TITLE STATEMENT |
| Title |
Essentials of specific learning disability identification / |
| Statement of responsibility, etc. |
Dawn P. Flanagan, Vincent C. Alfonso. |
| 260 ## - PUBLICATION, DISTRIBUTION, ETC. |
| Place of publication, distribution, etc. |
Hoboken, N.J. : |
| Name of publisher, distributor, etc. |
Wiley, |
| Date of publication, distribution, etc. |
c2011. |
| 300 ## - PHYSICAL DESCRIPTION |
| Extent |
xix, 411 p. : |
| Other physical details |
ill. ; |
| Dimensions |
22 cm. |
| 490 0# - SERIES STATEMENT |
| Series statement |
Essentials of psychological assessment |
| 504 ## - BIBLIOGRAPHY, ETC. NOTE |
| Bibliography, etc. note |
Includes bibliographical references (p. 327-373) and indexes. |
| 505 8# - FORMATTED CONTENTS NOTE |
| Formatted contents note |
Machine generated contents note: Foreword by Cecil Reynolds -- Chapter 1 Overview of Specific Learning Disabilities (Marlene Sotelo-Dynega, Dawn P. Flanagan, and Vincent C. Alfonso) -- Chapter 2 How SLD Manifests in Reading (Steven Feifer) -- Chapter 3 How SLD Manifests in Mathematics (David C. Geary, Mary K. Hoard, and Drew H. Bailey) -- Chapter 4 How SLD Manifests in Writing (Nancy Mather and Barbara J. Wendling) -- Chapter 5 How SLD Manifests in Oral Expression and Listening Comprehension (Elisabeth H. Wiig) -- Chapter 6 A Response-to-Intervention (RTI) Approach to SLD Identification (Jack M. Fletcher, Amy E. Barth, and Karla K. Stuebing) -- Chapter 7 The Discrepancy-Consistency Approach to SLD Identification Using the PASS Theory (Jack A. Naglieri) -- Chapter 8 RTI and Cognitive Hypothesis Testing for Specific Learning Disabilities Identification and Intervention: The Best of Both Worlds (James B. Hale, Kirby L. Wycoff, and Catherine A. Fiorello) -- Chapter 9 Evidence-Based Differential Diagnosis and Treatment of Reading Disabilities with and without Comorbidities in Oral Language, Writing, and Math for Prevention, Problem-Solving Consultation, and Specialized Instruction (Virginia W. Berninger) -- Chapter 10 A CHC-based Operational Definition of SLD: Integrating Multiple Data Sources and Multiple Data Gathering Methods (Dawn P. Flanagan, Vincent C. Alfonso, and Jennifer T. Mascolo) -- Chapter 11 Difference or Disorder: Separating Cultural and Linguistic Differences (CLD) from Specific Learning Disability (SLD) in the Evaluation of Diverse Students (Samuel O. Ortiz). |
| 520 ## - SUMMARY, ETC. |
| Summary, etc. |
"This newest addition to the Essentials series presents the latest research and information from leading scholars and researchers in the field of learning disabilities. With multiple perspectives spanning several different theoretical orientations and offering several different approaches to SLD identification--from RTI methods to cognitive strengths and weaknesses approaches--this volume offers step-by-step information on accurately identifying learning disabilities. This is essential reading for professionals who work with children and youth who may be at risk for learning disabilities"-- |
| Assigning source |
Provided by publisher. |
| 650 #0 - SUBJECT ADDED ENTRY--TOPICAL TERM |
| Topical term or geographic name entry element |
Learning disabilities |
| Geographic subdivision |
United States. |
| 9 (RLIN) |
11329 |
| 650 #0 - SUBJECT ADDED ENTRY--TOPICAL TERM |
| Topical term or geographic name entry element |
Learning disabled children |
| General subdivision |
Education |
| Geographic subdivision |
United States. |
| 9 (RLIN) |
11330 |
| 700 1# - ADDED ENTRY--PERSONAL NAME |
| Personal name |
Alfonso, Vincent C. |
| 9 (RLIN) |
11331 |
| 856 41 - ELECTRONIC LOCATION AND ACCESS |
| Materials specified |
Table of contents only |
| Uniform Resource Identifier |
<a href="http://www.loc.gov/catdir/toc/fy11pdf04/2010026662.html">http://www.loc.gov/catdir/toc/fy11pdf04/2010026662.html</a> |
| 856 42 - ELECTRONIC LOCATION AND ACCESS |
| Materials specified |
Cover image |
| Uniform Resource Identifier |
<a href="http://catalogimages.wiley.com/images/db/jimages/9780470587607.jpg">http://catalogimages.wiley.com/images/db/jimages/9780470587607.jpg</a> |
| 906 ## - LOCAL DATA ELEMENT F, LDF (RLIN) |
| a |
7 |
| b |
cbc |
| c |
orignew |
| d |
1 |
| e |
ecip |
| f |
20 |
| g |
y-gencatlg |
| 942 ## - ADDED ENTRY ELEMENTS (KOHA) |
| Source of classification or shelving scheme |
|
| Koha item type |
Book |